000 00683nam a2200229Ia 4500
003 OSt
005 20220925215502.0
006 a|||||r|||| 00| 0
007 ta
008 220923b |||||||| |||| 00| 0 eng d
037 _cGeneral Book
040 _aRTL
_cRTL
_beng
041 _2eng
_aeng
082 _aX9(JB):(G:5) .438.N94, N7
100 _aBryant Raymond L Au.
_9282925
245 0 _aPolitical ecology of forestry in Burma 1824-1994
260 _aLondon
_bHurst & Co
_c1997
300 _a257p.
_ccm.
650 _aForesty Industry
_9234308
942 _hX9(JB):(G:5) .438.N94, N7
_cGB
_2CC
999 _c568897
_d568897